[Event "TCh-FRA Top 16"]
[Site "Asnieres sur Seine FRA"]
[Date "2006.05.04"]
[Round "8"]
[White "Svidler,P"]
[Black "Vaisser,A"]
[Result "1-0"]
[WhiteElo "2765"]
[BlackElo "2573"]
[EventDate "2006.03.03"]

1. e4 e6 2. d4 d5 3. Nc3 dxe4 4. Nxe4 Nd7 5. Nf3 Ngf6 6. Nxf6+ Nxf6 7. c3
c5 8. Ne5 a6 9. Be3 Qc7 10. Qa4+ Bd7 11. Nxd7 Nxd7 12. g3 O-O-O 13. Bg2 Nb6
14. Qb3 Nd5 15. Bg5 Be7 16. Bxe7 Nxe7 17. O-O cxd4 18. cxd4 Rxd4 19. Rac1
Nc6 20. Bxc6 bxc6 21. Rc3 Rhd8 22. Qc2 R8d6 23. Qxh7 f6 24. Qh5 e5 25. Rfc1
Rb4 26. Rxc6 Rxc6 27. Qe8+ Kb7 28. Rxc6 Qxc6 29. Qe7+ Kc8 30. Qxb4 Qd7 31.
h4 Kc7 32. Qc5+ Kb7 33. Kg2 Qe6 34. Qf8 Qd7 35. Qb4+ Kc7 36. Qc5+ Kb7 37.
b3 g6 38. a4 Qe6 39. Qc4 Qe8 40. Qd5+ Kc7 41. Qc5+ Kb7 42. a5 Qe6 43. Qb6+
1-0

[Event "TCh-FRA Top 16"]
[Site "Asnieres sur Seine FRA"]
[Date "2006.05.04"]
[Round "8"]
[White "Delchev,A"]
[Black "Grischuk,A"]
[Result "1/2-1/2"]
[WhiteElo "2661"]
[BlackElo "2717"]
[EventDate "2006.03.03"]

1. d4 d5 2. c4 c6 3. Nc3 Nf6 4. e3 a6 5. Nf3 b5 6. b3 Bf5 7. Bd3 e6 8. O-O
Nbd7 9. Bxf5 exf5 10. Qc2 g6 11. Bb2 Rc8 12. a4 dxc4 13. axb5 axb5 14. bxc4
bxc4 15. Ne5 Be7 16. Na4 O-O 17. Qxc4 c5 18. Nxd7 Nxd7 19. dxc5 Nxc5 20.
Qc3 f6 21. Rfd1 Qc7 22. Qc4+ Kg7 23. Nxc5 Qxc5 24. Qxc5 Bxc5 25. Rd7+ Rf7
26. Rxf7+ Kxf7 27. g3 1/2-1/2

[Event "TCh-FRA Top 16"]
[Site "Asnieres sur Seine FRA"]
[Date "2006.05.04"]
[Round "8"]
[White "Adams,Mi"]
[Black "Nikolaidis,I"]
[Result "1-0"]
[WhiteElo "2707"]
[BlackElo "2525"]
[EventDate "2006.03.03"]

1. e4 c6 2. d4 d5 3. exd5 cxd5 4. c4 Nf6 5. Nc3 Nc6 6. Bg5 Be6 7. a3 Qd7 8.
Be2 O-O-O 9. c5 Ne4 10. Nf3 Nxg5 11. Nxg5 h6 12. Nf3 g5 13. b4 g4 14. b5
gxf3 15. bxc6 Qxc6 16. Bxf3 Bf5 17. O-O Rg8 18. Re1 e6 19. Rc1 h5 20. Na2
h4 21. Rc3 f6 22. Nb4 Qb5 23. Be2 Qe8 24. c6 Bxb4 25. axb4 Be4 26. f3 Bf5
27. Qa4 Bh3 28. Qxa7 Rxg2+ 29. Kh1 1-0

[Event "TCh-FRA Top 16"]
[Site "Asnieres sur Seine FRA"]
[Date "2006.05.04"]
[Round "8"]
[White "Agrest,E"]
[Black "Vallejo Pons,F"]
[Result "0-1"]
[WhiteElo "2591"]
[BlackElo "2650"]
[EventDate "2006.03.03"]

1. d4 d5 2. Nf3 Nf6 3. c4 e6 4. Nc3 c6 5. Bg5 h6 6. Bh4 dxc4 7. e4 g5 8.
Bg3 b5 9. Be2 Bb7 10. O-O Nbd7 11. Ne5 Bg7 12. Nxd7 Nxd7 13. Bd6 a6 14. e5
c5 15. Bh5 Bf8 16. d5 Bxd6 17. Bxf7+ Kxf7 18. dxe6+ Kg7 19. exd6 Ne5 20. f4
Nd3 21. Qh5 Qf6 22. f5 Nf4 23. Rxf4 gxf4 24. Rd1 Rhg8 25. Nd5 Bxd5 26. Rxd5
Kh7 27. Qe2 Ra7 28. Qe4 Rag7 29. Rd2 b4 30. e7 c3 31. bxc3 bxc3 32. Re2 f3
33. Qxf3 Qxd6 34. e8=Q Rxe8 35. Rxe8 c2 36. Re1 Qd2 37. Qe4 Rxg2+ 0-1

[Event "TCh-FRA Top 16"]
[Site "Asnieres sur Seine FRA"]
[Date "2006.05.04"]
[Round "8"]
[White "Lautier,J"]
[Black "Sharif,Me"]
[Result "1/2-1/2"]
[WhiteElo "2682"]
[BlackElo "2467"]
[EventDate "2006.03.03"]

1. d4 e6 2. c4 Nf6 3. Nc3 Bb4 4. Qc2 Nc6 5. Nf3 d6 6. Bd2 O-O 7. a3 Bxc3 8.
Bxc3 Qe7 9. e3 e5 10. d5 Nb8 11. Nd2 c6 12. dxc6 Nxc6 13. Bd3 h6 14. b4 d5
15. O-O Rd8 16. cxd5 Nxd5 17. Bb2 f6 18. b5 Na5 19. Nf3 Be6 20. Rad1 Qc7
21. Qa4 Ne7 22. Qb4 b6 23. h3 1/2-1/2

[Event "TCh-FRA Top 16"]
[Site "Asnieres sur Seine FRA"]
[Date "2006.05.04"]
[Round "8"]
[White "Fressinet,L"]
[Black "Feller,S"]
[Result "1-0"]
[WhiteElo "2625"]
[BlackElo "2301"]
[EventDate "2006.03.03"]

1. e4 e5 2. Nf3 Nf6 3. Nc3 Bb4 4. Nxe5 O-O 5. Be2 d6 6. Ng4 Bxc3 7. dxc3
Nxe4 8. O-O Nd7 9. Re1 Ndc5 10. Qd4 f5 11. Bc4+ Be6 12. Ne3 Bxc4 13. Qxc4+
Kh8 14. f3 Ng5 15. Nd5 Nf7 16. Be3 Ne5 17. Qe2 Ncd7 18. Rad1 Re8 19. b3 Nf8
20. Qd2 Ne6 21. Bd4 Nc6 22. Bf2 Qd7 23. c4 Qf7 24. Re2 Ne5 25. Bg3 Ng6 26.
Rde1 Ngf8 27. Re3 h6 28. R1e2 Kg8 29. Qe1 b6 30. Kh1 a6 31. Nf4 Nxf4 32.
Rxe8 Rxe8 33. Rxe8 N4e6 34. Ra8 a5 35. a3 Qf6 36. b4 axb4 37. axb4 Kh7 38.
Qa1 Qg5 39. Qe1 Qf6 40. Bh4 Qd4 41. c5 dxc5 42. bxc5 Qxc5 43. Rxf8 Nxf8 44.
Be7 Qxc2 45. Bxf8 Kg8 46. Ba3 Qb3 47. Bc1 Kf7 48. h3 c5 49. Qd2 Ke6 50. Bb2
g6 51. Bg7 h5 52. Qd8 Qb1+ 53. Kh2 f4 54. Qe8+ Kd5 55. Qf7+ Kc6 56. Qxf4
Kd5 1-0

[Event "TCh-FRA Top 16"]
[Site "Asnieres sur Seine FRA"]
[Date "2006.05.04"]
[Round "8"]
[White "Bujisho,B"]
[Black "Nataf,IA"]
[Result "0-1"]
[WhiteElo "2386"]
[BlackElo "2553"]
[EventDate "2006.03.03"]

1. e4 c5 2. Nc3 Nc6 3. g3 g6 4. Bg2 Bg7 5. d3 e5 6. Be3 d6 7. Nd5 Nge7 8.
h4 Nxd5 9. exd5 Ne7 10. h5 Nf5 11. Bd2 Bd7 12. Nf3 h6 13. hxg6 fxg6 14. g4
Ne7 15. Nh2 Qb6 16. Nf1 Qxb2 17. Ne3 Qb6 18. f4 Qc7 19. Nc4 exf4 20. Bxf4
Bc3+ 21. Kf2 O-O 22. Kg3 Rxf4 23. Kxf4 b5 24. Ne3 Rf8+ 25. Kg3 Be5+ 26. Kh3
Nf5 27. Nxf5 Rxf5 28. Bf3 Rh5+ 29. Kg2 Rxh1 30. Qxh1 Bxa1 31. Qxa1 Qd8 32.
d4 Qg5 33. dxc5 Bxg4 34. Qd4 Bh5+ 0-1

[Event "TCh-FRA Top 16"]
[Site "Asnieres sur Seine FRA"]
[Date "2006.05.04"]
[Round "8"]
[White "Collas,S"]
[Black "Nicoara,M"]
[Result "1-0"]
[WhiteElo "2398"]
[BlackElo "2237"]
[EventDate "2006.03.03"]

1. e4 Nf6 2. e5 Nd5 3. d4 d6 4. Nf3 Nb6 5. a4 a5 6. h3 g6 7. Bd3 Bg7 8. Qe2
O-O 9. O-O dxe5 10. dxe5 Bd7 11. Nc3 Na6 12. Be3 c6 13. Rfd1 Nb8 14. Bc5
Nd5 15. Nxd5 cxd5 16. c4 Na6 17. Bd4 e6 18. cxd5 exd5 19. Bxa6 Rxa6 20. Bc5
Re8 21. Rxd5 Qc8 22. Bd6 Bc6 23. Rc5 Qd8 24. Qd3 Rb6 25. Nd4 Rxb2 26. Nxc6
bxc6 27. Qf3 Rb6 28. Rxa5 c5 29. Ra7 f5 30. Bc7 1-0

[Event "TCh-FRA Top 16"]
[Site "Asnieres sur Seine FRA"]
[Date "2006.05.04"]
[Round "8"]
[White "Degraeve,JM"]
[Black "Bauer,Ch"]
[Result "1/2-1/2"]
[WhiteElo "2553"]
[BlackElo "2627"]
[EventDate "2006.03.03"]

1. e4 e5 2. Nf3 d6 3. d4 exd4 4. Nxd4 Nf6 5. Nc3 Be7 6. Bf4 O-O 7. Qd2 a6
8. O-O-O b5 9. f3 c5 10. Nf5 Bxf5 11. exf5 Nc6 12. Bxd6 Qa5 13. Bxe7 Nxe7
14. Kb1 Rad8 15. Qc1 Nxf5 16. Rxd8 Rxd8 17. Bd3 Nd4 18. Qg5 Qc7 19. Ne4
Nxe4 20. Bxe4 Ne6 21. Qg3 Rd6 22. c3 c4 23. Bc2 Qd8 24. Kc1 Nc5 25. Re1 g6
26. Re5 Rd5 27. Qe1 Kg7 28. f4 Qd6 29. Rxd5 Qxd5 30. Qd2 Nd3+ 31. Bxd3 cxd3
32. b3 f6 33. Qf2 a5 34. Kd2 a4 35. Qf3 Qd6 36. g4 Qa3 37. Qb7+ Kf8 38.
Qc8+ Ke7 1/2-1/2

[Event "TCh-FRA Top 16"]
[Site "Asnieres sur Seine FRA"]
[Date "2006.05.04"]
[Round "8"]
[White "Beikert,G"]
[Black "David,Alb"]
[Result "1/2-1/2"]
[WhiteElo "2428"]
[BlackElo "2591"]
[EventDate "2006.03.03"]

1. e4 e5 2. Nf3 Nc6 3. Bb5 Nf6 4. O-O Nxe4 5. d4 Nd6 6. Bxc6 dxc6 7. dxe5
Nf5 8. Qxd8+ Kxd8 9. Nc3 Ke8 10. Re1 Bb4 11. Bd2 Be6 12. a3 Bxc3 13. Bxc3
h6 14. Rad1 c5 15. Nd2 Rd8 16. Ne4 b6 17. Rxd8+ Kxd8 18. f4 Kc8 19. Kf2 Nd4
20. Rc1 Rd8 21. Ng3 g6 22. Ne2 Nxe2 1/2-1/2

[Event "TCh-FRA Top 16"]
[Site "Asnieres sur Seine FRA"]
[Date "2006.05.04"]
[Round "8"]
[White "Pelletier,Y"]
[Black "Payen,Ar"]
[Result "1/2-1/2"]
[WhiteElo "2579"]
[BlackElo "2399"]
[EventDate "2006.03.03"]

1. c4 g6 2. d4 Bg7 3. Nf3 d6 4. e4 Bg4 5. Be2 c6 6. Be3 Bxf3 7. Bxf3 Qb6 8.
Qd2 c5 9. e5 Nc6 10. Bxc6+ Qxc6 11. exd6 Qxg2 12. d7+ Kxd7 13. dxc5+ Ke8
14. Rf1 Rd8 15. Qc2 Nh6 16. Nd2 1/2-1/2

[Event "TCh-FRA Top 16"]
[Site "Asnieres sur Seine FRA"]
[Date "2006.05.04"]
[Round "8"]
[White "Rausis,I"]
[Black "Bagheri,A"]
[Result "1/2-1/2"]
[WhiteElo "2506"]
[BlackElo "2521"]
[EventDate "2006.03.03"]

1. e4 c6 2. d4 d5 3. e5 Bf5 4. Be3 e6 5. Nd2 Qb6 6. Nb3 Nd7 7. Be2 a5 8. a4
Ne7 9. f4 Be4 10. Nf3 Nf5 11. Bf2 Bb4+ 12. c3 Be7 13. O-O Bxf3 14. Bxf3 h5
15. Be2 1/2-1/2

[Event "TCh-FRA Top 16"]
[Site "Asnieres sur Seine FRA"]
[Date "2006.05.04"]
[Round "8"]
[White "Apicella,M"]
[Black "Eliet,N"]
[Result "1/2-1/2"]
[WhiteElo "2519"]
[BlackElo "2434"]
[EventDate "2006.03.03"]

1. e4 c5 2. Nf3 a6 3. Nc3 b5 4. a3 Bb7 5. d4 cxd4 6. Nxd4 e6 7. Be3 d6 8.
Qd2 Nf6 9. f3 Nbd7 10. g4 Nb6 11. a4 Nc4 12. Bxc4 bxc4 13. Nde2 Be7 14. Rd1
O-O 15. Ng3 Nd7 16. O-O Qc7 17. f4 Rab8 18. g5 Rfe8 19. f5 Bf8 20. g6 hxg6
21. fxg6 fxg6 22. Bd4 Ne5 23. Bxe5 dxe5 24. Qg5 Bc5+ 25. Kg2 Kh7 26. Qh4+
Kg8 27. Qg4 Qe7 28. Qxg6 Rf8 29. Nh5 Rxf1 30. Rxf1 Rf8 31. Rxf8+ Kxf8 32.
Qh7 Qg5+ 33. Ng3 Qh6 34. Qxh6 gxh6 35. Kf3 Bc6 36. b3 cxb3 37. cxb3 Ke7 38.
Nd1 Be8 39. Nb2 Bd4 40. Nd3 Kd6 41. Ke2 1/2-1/2

[Event "TCh-FRA Top 16"]
[Site "Asnieres sur Seine FRA"]
[Date "2006.05.04"]
[Round "8"]
[White "Midoux,S"]
[Black "Koch,JR"]
[Result "1/2-1/2"]
[WhiteElo "2314"]
[BlackElo "2441"]
[EventDate "2006.03.03"]

1. e4 c5 2. Nf3 g6 3. d4 cxd4 4. Qxd4 Nf6 5. Nc3 Nc6 6. Qa4 d6 7. e5 dxe5
8. Nxe5 Bd7 9. Nxd7 Qxd7 10. Be2 Bg7 11. O-O Nd4 12. Qxd7+ Nxd7 13. Bd1 Rc8
14. Re1 e6 15. Ne4 Nxc2 16. Nd6+ Kf8 17. Nxc8 Nxe1 18. Be3 Nd3 19. Bf3 Bxb2
20. Rd1 N3c5 21. Nxa7 Kg7 22. Bxb7 Nxb7 23. Rxd7 Na5 24. Bb6 Nc4 25. Bd8
Ne5 26. Rd1 Ba3 27. Bc7 Ng4 28. h3 Nxf2 29. Kxf2 Bc5+ 30. Kf3 Bxa7 31. Be5+
f6 32. Rd7+ Kh6 33. Bxf6 Rf8 34. Rxa7 Rxf6+ 35. Ke3 Rf1 36. a4 Ra1 37. Kf4
g5+ 38. Ke4 Kg6 39. a5 Ra2 40. Kf3 h5 41. a6 Kf6 42. Ra8 Kg7 43. a7 1/2-1/2

[Event "TCh-FRA Top 16"]
[Site "Asnieres sur Seine FRA"]
[Date "2006.05.04"]
[Round "8"]
[White "Milliet,S"]
[Black "Ferry,J"]
[Result "1-0"]
[WhiteElo "2328"]
[BlackElo "1860"]
[EventDate "2006.03.03"]

1. e4 c5 2. Nf3 e6 3. c3 Nc6 4. d4 cxd4 5. cxd4 d5 6. e5 Nge7 7. Nc3 Nf5 8.
a3 Be7 9. Be2 O-O 10. O-O a6 11. g4 Nh4 12. Nxh4 Bxh4 13. f4 f6 14. exf6
Bxf6 15. Be3 g6 16. Qd2 Bg7 17. Rad1 b5 18. Bf3 Na5 19. Qg2 Ra7 20. Ne2
Raf7 21. Qg3 Nc4 22. Bc1 Qd6 23. Bg2 Bd7 24. Kh1 a5 25. Ng1 b4 26. Nf3 Bh6
27. Ne5 Re7 28. b3 Nxa3 29. f5 Bxc1 30. f6 Bg5 31. fxe7 Qxe7 32. Rxf8+ Kxf8
33. Rf1+ 1-0

[Event "TCh-FRA Top 16"]
[Site "Asnieres sur Seine FRA"]
[Date "2006.05.04"]
[Round "8"]
[White "Riff,JN"]
[Black "Dorfman,J"]
[Result "1/2-1/2"]
[WhiteElo "2444"]
[BlackElo "2595"]
[EventDate "2006.03.03"]

1. e4 e6 2. d3 c5 3. Nf3 Nc6 4. g3 d6 5. Bg2 Nf6 6. O-O Be7 7. Re1 O-O 8.
c3 Bd7 9. a3 Rc8 10. b4 b5 11. a4 a6 12. axb5 axb5 13. Bd2 Ne5 14. Qe2 Bc6
15. Na3 Re8 16. Nc2 Nfd7 17. Nxe5 dxe5 18. Be3 Qc7 19. Rec1 Ra8 20. f3 cxb4
21. Nxb4 Bb7 22. Rab1 Rec8 23. Bf1 Nc5 24. c4 bxc4 25. Rxc4 Qd7 26. Qf2 Na4
27. Rbc1 Rxc4 28. Rxc4 Rc8 29. Qd2 1/2-1/2

[Event "TCh-FRA Top 16"]
[Site "Asnieres sur Seine FRA"]
[Date "2006.05.04"]
[Round "8"]
[White "Kurmann,O"]
[Black "Sokolov,Iv"]
[Result "1-0"]
[WhiteElo "2296"]
[BlackElo "2689"]
[EventDate "2006.03.03"]

1. e4 e5 2. Nf3 Nc6 3. Bc4 Bc5 4. d3 Nf6 5. Bb3 O-O 6. O-O d6 7. c3 h6 8.
h3 Kh8 9. Be3 Bxe3 10. fxe3 Ne7 11. Nh4 c6 12. Nd2 d5 13. Qf3 Be6 14. d4
Qb6 15. Qg3 exd4 16. exd5 Bxd5 17. exd4 Bxb3 18. Nxb3 Rae8 19. Rae1 Ned5
20. Nf5 Nh5 21. Qf3 Rxe1 22. Rxe1 Nhf6 23. Qg3 Rg8 24. c4 Nh5 25. Qf3 Qb4
26. Rf1 Ndf4 27. g4 g6 28. Nxh6 Ng3 29. Nxg8 Kxg8 30. Rf2 Qe1+ 31. Kh2 Nfe2
1-0

[Event "TCh-FRA Top 16"]
[Site "Asnieres sur Seine FRA"]
[Date "2006.05.04"]
[Round "8"]
[White "Kosten,A"]
[Black "Lerch,P"]
[Result "1-0"]
[WhiteElo "2501"]
[BlackElo "2288"]
[EventDate "2006.03.03"]

1. e4 c5 2. Nf3 Nc6 3. d4 cxd4 4. Nxd4 g6 5. c4 Bg7 6. Be3 Nf6 7. Nc3 O-O
8. Be2 b6 9. O-O Bb7 10. f4 d6 11. Bf3 Qc8 12. Rc1 Nxd4 13. Bxd4 e5 14.
fxe5 dxe5 15. Bxe5 Re8 16. Bd4 Qe6 17. Nd5 Rad8 18. Bxf6 Bxf6 19. Bg4 Bxd5
20. Bxe6 Bxe6 21. Rxf6 Rxd1+ 22. Rxd1 Bxc4 23. b3 Be6 24. Rf2 Rc8 25. h3
Kg7 26. Kh2 h5 27. Rdd2 Rc5 28. Rc2 Re5 29. Rc7 a5 30. Rb7 Rb5 31. Rd2 Rb4
32. e5 a4 33. Rd6 1-0

[Event "TCh-FRA Top 16"]
[Site "Asnieres sur Seine FRA"]
[Date "2006.05.04"]
[Round "8"]
[White "Muller,A"]
[Black "Renet,O"]
[Result "0-1"]
[WhiteElo "2169"]
[BlackElo "2494"]
[EventDate "2006.03.03"]

1. e4 c5 2. Nf3 d6 3. d4 cxd4 4. Nxd4 Nf6 5. Nc3 a6 6. Be2 e5 7. Nb3 Be7 8.
Be3 Be6 9. O-O O-O 10. a4 Nc6 11. f4 exf4 12. Rxf4 Re8 13. Kh1 d5 14. exd5
Nxd5 15. Nxd5 Bxd5 16. Bg1 Qc7 17. Rf1 Rad8 18. Nd4 Nxd4 19. Bxd4 Bc5 20.
c3 Bxd4 21. cxd4 Re6 22. Bf3 Red6 23. Rc1 Qb6 24. Bxd5 Rxd5 25. Qf3 f6 26.
h3 Rxd4 27. Qg3 R4d7 28. Qc3 h6 29. Rfe1 Kh8 30. Rc2 Rd3 31. Qc7 Qxc7 32.
Rxc7 R8d7 33. Rxd7 Rxd7 34. Re8+ Kh7 35. Rb8 Kg6 36. Kg1 Kf5 37. Kf1 Kf4
38. Rc8 Ke3 39. Ke1 h5 40. a5 h4 41. Rc3+ Rd3 42. Rc7 Rb3 43. Rxg7 Rxb2 44.
Re7+ Kf4 45. Rg7 f5 46. Kd1 Ke3 47. Re7+ Kf2 48. Rg7 Rb5 49. Kd2 Rxa5 50.
Rxb7 Rd5+ 0-1

[Event "TCh-FRA Top 16"]
[Site "Asnieres sur Seine FRA"]
[Date "2006.05.04"]
[Round "8"]
[White "Marciano,D"]
[Black "Hassler,F"]
[Result "1-0"]
[WhiteElo "2513"]
[BlackElo "2243"]
[EventDate "2006.03.03"]

1. e4 c5 2. Nf3 e6 3. c4 Nc6 4. Nc3 Nf6 5. Be2 d5 6. exd5 exd5 7. d4 Be6 8.
Bg5 Be7 9. dxc5 dxc4 10. Qa4 Qa5 11. Qxa5 Nxa5 12. Nd4 Bxc5 13. Nxe6 fxe6
14. Bd2 Rd8 15. Rd1 b6 16. O-O Bd4 17. Nb5 Bxb2 18. Bxa5 bxa5 19. Bxc4 Ke7
20. Nxa7 Rd6 21. Rxd6 Kxd6 22. Rb1 Kc5 23. Be2 Rb8 24. Nb5 Be5 25. g3 Nd5
26. Re1 Kb6 27. Na3 Bc3 28. Nc4+ Ka7 29. Bg4 Rb4 30. Bxe6 Rxc4 31. Bxd5 Rc5
32. Be4 h6 33. Rd1 Rc7 34. Kg2 Kb6 35. f4 Kc5 36. Rd5+ Kb4 37. Rd8 Bf6 38.
Rd2 Rc4 39. Kf3 Rd4 40. Re2 Kc5 41. h4 Rb4 42. Rc2+ Rc4 43. Rd2 Rd4 44. Bd3
Rb4 45. Rc2+ Kd6 46. Bc4 Rb2 47. Rc1 Rd2 48. Re1 Kc5 49. Bf7 Bd4 50. g4 Rh2
51. h5 Bf6 52. Ke4 Kd6 53. Kf5 Rf2 54. Re4 Bg5 55. a4 Rf3 56. Bc4 Rf2 57.
Be2 Kd7 58. Ke5 Bf6+ 59. Kd5 Rg2 60. Bb5+ Kc7 61. Rc4+ Kd8 62. Ke6 Rd2 63.
Rc5 Be7 64. Rf5 Rd4 65. g5 Bd6 66. Rf7 Bxf4 67. g6 Bc1 68. Rxg7 Bb2 69.
Rd7+ Rxd7 70. Bxd7 1-0

[Event "TCh-FRA Top 16"]
[Site "Asnieres sur Seine FRA"]
[Date "2006.05.04"]
[Round "8"]
[White "Schmitt,C"]
[Black "Skripchenko,A"]
[Result "0-1"]
[WhiteElo "2183"]
[BlackElo "2461"]
[EventDate "2006.03.03"]

1. c4 e5 2. Nc3 Nc6 3. g3 f5 4. Bg2 Nf6 5. e3 d5 6. cxd5 Nb4 7. d3 Nbxd5 8.
Nge2 c6 9. O-O Bd6 10. e4 Nxc3 11. Nxc3 Bc5 12. exf5 Bxf5 13. Ne4 Bxe4 14.
dxe4 Qxd1 15. Rxd1 Ng4 16. Be3 Bxe3 17. fxe3 Nxe3 18. Rd3 Nc2 19. Rc1 Nd4
20. Rc5 O-O-O 21. Kf2 Rhf8+ 22. Ke3 Rde8 23. b4 Kc7 24. a4 Rf6 25. Rdc3 b6
26. Rd5 Re7 27. b5 c5 28. Kd3 Rf2 29. Bh3 Rxh2 30. Bg4 g6 31. a5 h5 32.
axb6+ axb6 33. Bd1 Rb2 34. Ra3 Nxb5 35. Ra8 Kb7 36. Rdd8 Nc7 37. Rab8+ Kc6
38. Kc3 Rg2 39. Rdc8 b5 40. Bc2 Rd7 41. Bb3 Rxg3+ 42. Kb2 c4 43. Bc2 Rg2
44. Ra8 b4 45. Ra4 b3 46. Rxc4+ Kb7 47. R8xc7+ Rxc7 48. Rb4+ Kc8 0-1

[Event "TCh-FRA Top 16"]
[Site "Asnieres sur Seine FRA"]
[Date "2006.05.04"]
[Round "8"]
[White "Kogan,Ar"]
[Black "Buhmann,R"]
[Result "1-0"]
[WhiteElo "2560"]
[BlackElo "2546"]
[EventDate "2006.03.03"]

1. e4 e6 2. d4 d5 3. Nc3 Nf6 4. e5 Nfd7 5. f4 c5 6. Nf3 Nc6 7. Be3 cxd4 8.
Nxd4 Bc5 9. Qd2 O-O 10. O-O-O a6 11. Qf2 Nxd4 12. Bxd4 Qe7 13. Bd3 Bxd4 14.
Qxd4 Rb8 15. Rhf1 Qc5 16. Ne2 b6 17. Rde1 Bb7 18. f5 f6 19. exf6 e5 20.
Qxc5 Nxc5 21. fxg7 Kxg7 22. b4 Nd7 23. c3 a5 24. a3 Kf7 25. Bb5 Nf6 26. Ng3
Rbc8 27. Kb2 d4 28. cxd4 exd4 29. Rf4 axb4 30. axb4 Rfd8 31. Rd1 Bxg2 32.
Rfxd4 Rxd4 33. Rxd4 Ke7 34. Bc4 Rc6 35. Be6 Rd6 36. Kc3 Rxd4 37. Kxd4 Kd6
38. Bc4 h6 39. Bd3 Bc6 40. Be4 Ba4 41. Nf1 Bb3 42. Nd2 Bf7 43. Bf3 Ke7 44.
h3 Bg8 45. Bc6 Kd6 46. Ne4+ Nxe4 47. Bxe4 Bb3 48. Bd3 Ba4 49. Bc4 Bc6 50.
f6 Bg2 51. h4 Bc6 52. Ke3 Ba4 53. Ke4 Bd7 54. Kf4 Ba4 55. Ke4 Bd7 56. Be2
Bh3 57. Bh5 Ke6 58. f7 Ke7 59. Ke5 Bf1 60. f8=Q+ Kxf8 61. Kd6 Bd3 62. Kc6
Ke7 63. Kxb6 Ke6 64. Be8 Be4 65. Bb5 Bf3 66. Ka5 Bd5 67. Ka4 Ke5 68. Be8
Bc4 69. Ka5 Kd6 70. Kb6 Bd5 71. Ka7 Bc4 72. Kb7 Bd3 73. Kc8 Ke7 74. Ba4 Kd6
75. Kd8 Ke5 76. Ke7 Kf5 77. Bd1 Bc4 78. Kd6 Bf1 79. Kc5 Bd3 80. Bh5 Kf4 81.
Bf7 Kg4 82. h5 Kg5 83. Bc4 Be4 84. Be2 Kf6 85. Kd6 Kf7 86. b5 Ke8 87. Kc7
1-0

[Event "TCh-FRA Top 16"]
[Site "Asnieres sur Seine FRA"]
[Date "2006.05.04"]
[Round "8"]
[White "Schlosser,P"]
[Black "Jussupow,Ar"]
[Result "1/2-1/2"]
[WhiteElo "2560"]
[BlackElo "2605"]
[EventDate "2006.03.03"]

1. Nf3 e6 2. g3 d5 3. Bg2 Nf6 4. O-O Be7 5. c4 O-O 6. d4 c6 7. Qc2 Nbd7 8.
b3 b6 9. Rd1 Ba6 10. Nbd2 c5 11. e4 dxc4 12. Nxc4 cxd4 13. Nxd4 Rc8 14. a4
Bxc4 15. bxc4 Qc7 16. Bf4 e5 17. Nf5 Rfe8 18. Bg5 h6 19. Bxf6 Nxf6 20. Ne3
Bc5 21. Nd5 Nxd5 22. cxd5 Qd7 23. Qb3 Bd4 1/2-1/2

[Event "TCh-FRA Top 16"]
[Site "Asnieres sur Seine FRA"]
[Date "2006.05.04"]
[Round "8"]
[White "Gashimov,V"]
[Black "Pinter,J"]
[Result "1/2-1/2"]
[WhiteElo "2625"]
[BlackElo "2530"]
[EventDate "2006.03.03"]

1. e4 e5 2. Nf3 Nc6 3. Bb5 a6 4. Ba4 Nf6 5. O-O Be7 6. Re1 b5 7. Bb3 O-O 8.
h3 Bb7 9. d3 d6 10. a3 Qd7 11. Nc3 Nd8 12. d4 exd4 13. Nxd4 Re8 14. Qf3 Ne6
15. Nf5 Bf8 16. Be3 c5 17. Rad1 c4 18. Ba2 Rac8 19. Nd5 Nxd5 20. exd5 Nc7
21. Qg4 Kh8 22. Bd4 f6 23. b3 Bxd5 24. Rxe8 Rxe8 25. Ne3 Be6 26. Qf3 Qf7
27. Qc6 f5 28. f4 Nd5 29. bxc4 Nxf4 30. Rd2 Ng6 31. Qxa6 f4 32. Rf2 Qe7 33.
Ng4 Qg5 34. Kh1 Bg8 35. Bb3 bxc4 36. Bxc4 d5 37. Bb5 1/2-1/2

[Event "TCh-FRA Top 16"]
[Site "Asnieres sur Seine FRA"]
[Date "2006.05.04"]
[Round "8"]
[White "Galdunts,S"]
[Black "Sebag,M"]
[Result "1/2-1/2"]
[WhiteElo "2485"]
[BlackElo "2415"]
[EventDate "2006.03.03"]

1. e4 e5 2. Nf3 Nc6 3. Nc3 Nf6 4. Bb5 Bb4 5. d3 d6 6. O-O Bxc3 7. bxc3 O-O
8. Re1 Bd7 9. Rb1 a6 10. Bxc6 Bxc6 11. Bg5 h6 12. Bh4 Re8 13. Nd2 d5 14. c4
dxe4 15. Nxe4 Bxe4 16. Bxf6 Qxf6 17. Rxe4 b6 18. Qe2 Re6 19. Qd2 c5 20.
Rbe1 Rae8 21. g3 Qd8 22. f4 f5 23. Rxe5 Rxe5 24. fxe5 Qd4+ 25. Qf2 Rxe5 26.
Rxe5 Qxe5 27. Qf3 Qa1+ 28. Kg2 Qxa2 29. Qd5+ Kh8 30. Qxf5 Qxc2+ 31. Kh3 Qc3
32. Qf8+ Kh7 33. Qf5+ g6 34. Qe6 Qxd3 35. Qf7+ Kh8 36. Qf8+ Kh7 1/2-1/2

[Event "TCh-FRA Top 16"]
[Site "Asnieres sur Seine FRA"]
[Date "2006.05.04"]
[Round "8"]
[White "Marcelin,C"]
[Black "Heinz,Ti"]
[Result "1-0"]
[WhiteElo "2441"]
[BlackElo "2261"]
[EventDate "2006.03.03"]

1. d4 Nf6 2. c4 e6 3. Nc3 Bb4 4. Qc2 O-O 5. a3 Bxc3+ 6. Qxc3 b6 7. Bg5 Ba6
8. Qf3 d5 9. Bxf6 Qxf6 10. Qxf6 gxf6 11. cxd5 exd5 12. Nh3 Nc6 13. Rd1 Bc4
14. Nf4 Kg7 15. h4 a5 16. Rh3 a4 17. Rf3 Kh6 18. e3 Bxf1 19. Kxf1 Ne7 20.
g4 Rad8 21. Ke2 Rd6 22. g5+ fxg5 23. hxg5+ Kg7 24. Rh1 Rh8 25. Nh5+ Kg6 26.
Nf4+ Kg7 27. Nh5+ Kg6 28. Nf6 h5 29. gxh6 Nf5 30. Ng4 f6 31. Rg1 Nh4 32.
Rh3 Kh5 33. Nh2 1-0

[Event "TCh-FRA Top 16"]
[Site "Asnieres sur Seine FRA"]
[Date "2006.05.04"]
[Round "8"]
[White "Mensch,E"]
[Black "Relange,E"]
[Result "1/2-1/2"]
[WhiteElo "2336"]
[BlackElo "2490"]
[EventDate "2006.03.03"]

1. d4 Nf6 2. c4 g6 3. Nc3 Bg7 4. e4 O-O 5. Be3 d6 6. f3 e5 7. d5 c6 8. Qd2
cxd5 9. cxd5 a6 10. Bd3 b5 11. Nge2 Nbd7 12. b4 Ne8 13. g4 Nb6 14. O-O Bd7
15. Kh1 Rc8 16. Bxb6 Qxb6 17. a4 Nc7 18. Kg2 bxa4 19. Nxa4 Qb7 20. Nb2 Nb5
21. Nc4 f5 22. h3 Rf6 23. Qe3 Rb8 1/2-1/2

[Event "TCh-FRA Top 16"]
[Site "Asnieres sur Seine FRA"]
[Date "2006.05.04"]
[Round "8"]
[White "Cramling,P"]
[Black "Netzer,Je"]
[Result "1/2-1/2"]
[WhiteElo "2515"]
[BlackElo "2362"]
[EventDate "2006.03.03"]

1. d4 f5 2. g3 Nf6 3. Bg2 d6 4. Nf3 g6 5. b3 Bg7 6. Bb2 O-O 7. O-O Qe8 8.
c4 Ne4 9. Nbd2 Nxd2 10. Qxd2 Nd7 11. d5 Nf6 12. Nd4 Bd7 13. b4 c6 14. Rab1
Rc8 15. Nb3 h6 16. Qe3 cxd5 17. cxd5 Qf7 18. Qxa7 Ra8 19. Qxb7 Rfb8 20. Qc7
Rc8 21. Qb7 Rcb8 22. Qc7 Rc8 23. Qb7 Rcb8 1/2-1/2

[Event "TCh-FRA Top 16"]
[Site "Asnieres sur Seine FRA"]
[Date "2006.05.04"]
[Round "8"]
[White "Wagner,Cl"]
[Black "Abergel,T"]
[Result "1/2-1/2"]
[WhiteElo "2376"]
[BlackElo "2426"]
[EventDate "2006.03.03"]

1. d4 Nf6 2. c4 e6 3. Nf3 Bb4+ 4. Bd2 a5 5. g3 d6 6. Bg2 Nbd7 7. O-O e5 8.
Nc3 Bxc3 9. Bxc3 Ne4 10. Qc2 Nxc3 11. Qxc3 Qe7 12. e4 O-O 13. Rfe1 a4 14.
b4 axb3 15. axb3 Rxa1 16. Rxa1 c5 17. d5 Nb8 18. Re1 f5 19. exf5 Bxf5 20.
Nd2 Nd7 21. Ne4 Nf6 22. f4 Bxe4 23. Bxe4 Qf7 24. Qd3 exf4 25. Bf5 Kh8 26.
Be6 Qe7 27. gxf4 Nh5 28. f5 Ra8 29. Qe3 Ra2 30. Bf7 Qxf7 31. Qe8+ Qg8 32.
Qxh5 Ra8 33. Re7 Rf8 34. Rxb7 Rf6 35. Re7 1/2-1/2